000 00618nam a2200181 a 4500
001 000039504
005 20201002031702.0
008 130704s1850 ht 000 p spa d
040 _aDO-SdBNP
_bspa
_cBNPHU
082 _aH842.7
_bL217t
100 1 _aLamartine,A. de
_965687
245 1 0 _aToussaint Louverture. :
_bpoéme dramatique /
_cA. de Lamartine.
260 _aParis :
_bMichel Levy Fréres,
_c1850.
300 _a302 p. ;
_c22 cm.
600 1 4 _aTOUSSAINT, LOUVERTURE,
_d1743-1803
_vPOESÍA
_965688
651 4 _aHaití
_zHistoria
_yREVOLUCIÓN, 1791-1804
_vPOESÍA
_965689
910 _aValidado. Control de calidad MFF
999 _c38994
_d38994